UM Logo

Database system concepts/ (Record no. 2848)

MARC details
000 -LEADER
fixed length control field 00607nam a22001937a 4500
008 - FIXED-LENGTH DATA ELEMENTS--GENERAL INFORMATION
fixed length control field 160528b xxu||||| |||| 00| 0 eng d
020 ## - INTERNATIONAL STANDARD BOOK NUMBER
International Standard Book Number 0-07-295886-3
082 ## - DEWEY DECIMAL CLASSIFICATION NUMBER
Edition number 2006
Classification number DC 005.74
Item number Si3d
100 ## - MAIN ENTRY--PERSONAL NAME
9 (RLIN) 9465
Personal name Silberschatz, Abraham.
245 ## - TITLE STATEMENT
Title Database system concepts/
Statement of responsibility, etc. Abraham Silberschatz, Henry F. Korth and S. Sudarshan.
250 ## - EDITION STATEMENT
Edition statement Fifth edition.
260 ## - PUBLICATION, DISTRIBUTION, ETC. (IMPRINT)
Place of publication, distribution, etc. Boston:
Name of publisher, distributor, etc. McGraw-Hill,
Date of publication, distribution, etc. c2006
300 ## - PHYSICAL DESCRIPTION
Extent xxvi, 1142 pages
Dimensions 23 cm.
500 ## - GENERAL NOTE
General note Includes index.
650 #0 - SUBJECT ADDED ENTRY--TOPICAL TERM
9 (RLIN) 9468
Topical term or geographic name as entry element Database management.
700 ## - ADDED ENTRY--PERSONAL NAME
9 (RLIN) 9466
Personal name Korth, Henry F.
700 ## - ADDED ENTRY--PERSONAL NAME
9 (RLIN) 9467
Personal name Sudarshan, S.
942 ## - ADDED ENTRY ELEMENTS (KOHA)
Source of classification or shelving scheme Dewey Decimal Classification
Koha item type Circulation
Holdings
Withdrawn status Lost status Source of classification or shelving scheme Damaged status Not for loan Collection code Home library Current library Date acquired Total Checkouts Full call number Barcode Date last seen Price effective from Koha item type
    Dewey Decimal Classification     Circulation UM Digos College - LIC UM Digos College - LIC 12/16/2008   DC 005.74 Si3d 2006 19947 05/15/2025 05/28/2016 Circulation